000 00391nam a2200145Ia 4500
008 231129s2008||||xx |||||||||||||| ||spa||
020 _a978-958-30-2896-0
040 _bspa
082 _aCo863.6 R896c
100 _aRubiano Vargas Roberto
245 0 _aCincuenta agujeros: (cuentos breves)
260 _c2008
264 _aPanamericana
942 _2ddc
_cBKS
999 _c6997
_d6997